00702nam a2200229Ia 4500003000900000008004100009040001300050040001300063041000800076100001800084245004600102250001100148260001200159260000900171300001100180300001000191490004300201490000600244942000700250999001700257952019800274IT-RoPAU120407s9999 xx 000 0 und d aIT-RoPAU cIT-RoPAU aita aHenri Bergson aSaggio sui dati immediati della coscienza aTorino aParavia c1951 a189 p. c20 cm aBiblioteca di filosofia e pedagogia,12 v1 cBK c27825d27825 00102ddc406108_41200000000000071aPAULUSbPAULUSd2012-04-11l0o108.412r2012-04-11 00:00:00w2012-04-11yBKzInserito da: Carla In data: 24 ottobre 2011 fondo: Via A.Severo 56 Progr:31669